Omyl doktora Lothiana román

Podrobná bibliografia
Hlavný autor: Blair, Joan (Autor)
Ďalší autori: Hornád, Vlado (Prekladateľ)
Médium: Kniha
Jazyk:slovenčina
PhysicalDescription:141 s. 8°
Vydavateľské údaje: Bratislava Bibliotheka, úč. spol. 1942
Edícia:Vybrané romány č. 9
Predmet:

MARC

LEADER 00000nam a2200000 a 4500
001 vtls001452748
003 SK-MaSNL
005 20260301203153.0
008 240318s1942 xo 0 slo
015 |a SNBA19421945-018/0196 
035 |a SNK000408055 
040 |a SNK  |b slo  |c SNK  |e AACR2 
041 0 |a slo 
044 |a xo  |c SK 
080 |a 820-3  |2 1981 
100 1 |a Blair, Joan  |4 aut  |9 586280 
245 1 0 |a Omyl doktora Lothiana  |b román  |c Joan Blair ; preložil Vlado Hornad 
260 |a Bratislava  |b Bibliotheka, úč. spol.  |c 1942  |e Žilina  |f Melantrich 
300 |a 141 s.  |c 8° 
490 0 |a Vybrané romány  |v č. 9 
500 |a V bibliografii edícia: Romány, Vybrané 
500 |a Ks 6.50 
650 0 7 |a anglické romány  |2 SNK  |9 309488 
655 7 |a umelecká literatúra  |2 SNK  |9 60405 
700 1 |a Hornád, Vlado  |4 trl  |9 342959 
958 |a RK 
958 |a TL 
999 |c 901613  |d 903543 
952 |a SNK  |b SNK  |y PREZ  |7 0  |p 17A0810761  |o snkSD 72893 D1  |i snk2014/23356  |8 3  |g 7.00  |0 0  |1 0  |4 0  |d 2014-10-28  |l 0  |r 2026-02-24 07:15:54  |w 2026-02-24 
952 |a SNK  |b SNK  |y PREZ  |7 0  |p 17A0382260  |o snkSD 72893  |i snkK 180/2003  |8 3  |0 0  |1 0  |4 0  |d 2003-04-30  |l 0  |r 2025-11-20 00:00:00  |w 2026-02-24